Statistics for Metals by Total Mined Value

Click here to take the quiz!

General Stats

  • This quiz has been taken 10,421 times
  • The average score is 10 of 16

Answer Stats

Value Metal % Correct
$170 bilGold
99%
$20 bilSilver
96%
$91 bilCopper
91%
$115 bilIron
90%
$90 bilAluminum
73%
$7 bilTin
71%
$8 bilPlatinum
66%
$34 bilZinc
59%
$22 bilLead
59%
$4 bilUranium
51%
$21 bilNickel
47%
$14 bilTitanium
47%
$3 bilLithium
37%
$30 bilManganese
31%
$6 bilPalladium
20%
$5 bilMolybdenum
11%

Score Distribution

Percentile by Number Answered

Percent of People with Each Score

Your Score History

You have not taken this quiz